| Tag |
First Indicator |
Second Indicator |
Subfields |
| LEADER |
00000cam a2200000 a 4500 |
| 001 |
in00001610321 |
| 005 |
20151023051344.0 |
| 008 |
000928s2001 njua b 001 0 eng |
| 010 |
|
|
|a 00050194
|
| 020 |
|
|
|a 0137879466
|
| 035 |
|
|
|a (OCoLC)ocm45129155
|
| 040 |
|
|
|a DLC
|c DLC
|d TXA
|d UtOrBLW
|
| 042 |
|
|
|a pcc
|
| 049 |
|
|
|a TXAM
|
| 050 |
0 |
0 |
|a QA76.64
|b .T73 2001
|
| 082 |
0 |
0 |
|a 005.1/17
|2 21
|
| 100 |
1 |
|
|a Tremblay, Jean-Paul,
|d 1938-
|
| 245 |
1 |
0 |
|a Data structures and software development in an object-oriented domain /
|c Jean-Paul Tremblay and Grant A. Cheston.
|
| 250 |
|
|
|a Eiffel ed.
|
| 264 |
|
1 |
|a Upper Saddle River, NJ :
|b Prentice Hall,
|c [2001]
|
| 264 |
|
4 |
|c ©2001
|
| 300 |
|
|
|a xxiv, 1037 pages :
|b illustrations ;
|c 26 cm. +
|e 1 CD-ROM (4 3/4 in.)
|
| 336 |
|
|
|a text
|b txt
|2 rdacontent
|
| 337 |
|
|
|a unmediated
|b n
|2 rdamedia
|
| 338 |
|
|
|a volume
|b nc
|2 rdacarrier
|
| 490 |
1 |
|
|a Object and component technology series
|
| 504 |
|
|
|a Includes bibliographical references (pages 1015-1017) and index.
|
| 650 |
|
0 |
|a Object-oriented programming (Computer science)
|
| 650 |
|
0 |
|a Data structures (Computer science)
|
| 650 |
|
0 |
|a Computer software.
|
| 700 |
1 |
|
|a Cheston, Grant A.
|
| 830 |
|
0 |
|a Object and component technology series.
|
| 948 |
|
|
|a cataloged
|b h
|c 2001/4/18
|d c
|e mphillip
|f 2:01:21 pm
|
| 994 |
|
|
|a E0
|b TXA
|
| 999 |
|
|
|a MARS
|
| 999 |
f |
f |
|s c2f57d84-5af4-31d7-9eea-ccba0a7fc5a4
|i d0e7b347-9636-3b19-90dc-2fe4ed6ec0d8
|t 0
|
| 952 |
f |
f |
|p ric
|a Texas A&M University
|b Rellis Campus
|c Joint Library Facility
|d Remote Storage
|t 0
|e QA76.64 .T73 2001
|h Library of Congress classification
|i unmediated -- volume
|m A14827650807
|
| 998 |
f |
f |
|a QA76.64 .T73 2001
|t 0
|l Remote Storage
|